00527 2200169 4500245004100000020001800041250001100059100002100070650001700091005001900108260004200127041001400169084000800183300002300191500013400214336000900348 aCinta AdistycGisantia BestarihText a979-22-1053-9 aCet. 4 aGisantia Bestari aNovel Remaja a20231005075437 aJakartabGramedia Pustaka Utamac2004 aIndonesia a813 a288 hlm. :c20 cm. aAdisty bete banget, soalnya ryan, yang selama ini jadi sahabatnya, berubah seratus delapan puluh derajat sejak kedatangannya Ary. atext